Manners and customs of the Bible / (Record no. 4875)

MARC details
000 -LEADER
fixed length control field 00777nam a22002412 4500
001 - CONTROL NUMBER
control field 0000000726
005 - DATE AND TIME OF LATEST TRANSACTION
control field 20151217151755.0
008 - FIXED-LENGTH DATA ELEMENTS--GENERAL INFORMATION
fixed length control field 070216s xx 000 0 eng d
020 ## - INTERNATIONAL STANDARD BOOK NUMBER
Terms of availability KES 540
040 ## - CATALOGING SOURCE
Original cataloging agency KABU
Transcribing agency KABU
050 #0 - LIBRARY OF CONGRESS CALL NUMBER
Classification number BS520
Item number .F74 1996
100 1# - MAIN ENTRY--PERSONAL NAME
Personal name Freeman, James M.
-- 0000061494
245 10 - TITLE STATEMENT
Title Manners and customs of the Bible /
Statement of responsibility, etc. James M. Freeman.
260 ## - PUBLICATION, DISTRIBUTION, ETC. (IMPRINT)
Place of publication, distribution, etc. Springdale, PA :
Name of publisher, distributor, etc. Whitaker House,
Date of publication, distribution, etc. 1996.
300 ## - PHYSICAL DESCRIPTION
Extent 515 p.
600 10 - SUBJECT ADDED ENTRY--PERSONAL NAME
Personal name Jews,
Dates associated with a name Social life and customs.
-- 0000148941
650 #0 - SUBJECT ADDED ENTRY--TOPICAL TERM
Topical term or geographic name as entry element Sociology, Biblical.
-- 0000159883
908 ## - PUT COMMAND PARAMETER (RLIN)
Put command parameter 070216
950 ## - LOCAL HOLDINGS (RLIN)
-- 1
Holdings
Withdrawn status Lost status Source of classification or shelving scheme Not for loan Home library Current library Date acquired Total Checkouts Full call number Barcode Date last seen Date last checked out Price effective from Koha item type
    Library of Congress Classification   Kabarak, Main Campus Kabarak, Main Campus 17/12/2015 1 BS520 .F74 1996 001461 02/08/2024 28/10/2016 17/12/2015 General Collection
    Library of Congress Classification   Kabarak, Main Campus Kabarak, Main Campus 17/12/2015 1 BS520 .F74 1996 001462 11/10/2024 20/09/2024 17/12/2015 General Collection
    Library of Congress Classification   Kabarak, Main Campus Kabarak, Main Campus 17/12/2015 3 BS520 .F74 1996 001463 02/08/2024 12/06/2023 17/12/2015 General Collection
Designed with assistance from East African Informatics Ltd